Statistics for Mario Kart Tracks that Share the Same Music

Click here to take the quiz!

General Stats

  • This quiz has been taken 140 times
    (136 since last reset)
  • The average score is 51 of 65

Answer Stats

HintAnswer% Correct
Mario Circuit
98%
Mario Circuit
98%
Mario Circuit
98%
Mario Circuit
98%
Mario Circuit
98%
SNESMario Circuit 1
98%
Mario Circuit 2
98%
Mario Circuit 3
98%
Mario Circuit 4
98%
GBABowser Castle 1
92%
SNESBowser Castle 1
92%
Bowser Castle 2
92%
Bowser Castle 2
92%
Bowser Castle 3
92%
Bowser Castle 3
92%
Bowser Castle 4
92%
N64Luigi Raceway
92%
MK8DXDS Wario Stadium
91%
Wario Stadium
91%
Wario Stadium
91%
GBA Luigi Circuit
89%
DSGCN Luigi Circuit
89%
WiiLuigi Circuit
89%
GCNLuigi Circuit
89%
Royal Raceway
89%
Luigi Circuit
88%
SNESDonut Plains 1
86%
Donut Plains 2
86%
Donut Plains 3
86%
DS Waluigi Pinball
84%
DSWaluigi Pinball
84%
SNESVanilla Lake 1
82%
Vanilla Lake 2
82%
SNESChoco Island 1
81%
Choco Island 2
81%
GBAPeach Circuit
81%
DSGBA Peach Circuit
80%
Mario Raceway
79%
SNESKoopa Beach 1
78%
Koopa Beach 2
78%
3DSToad Circuit
78%
SNESGhost Valley 1
76%
Ghost Valley 2
76%
Ghost Valley 3
76%
GCN Yoshi Circuit
75%
Yoshi Circuit
75%
GCNWaluigi Stadium
73%
GCNDK Mountain
68%
DSFigure-8 Circuit
68%
Yoshi Valley
66%
GCNPeach Beach
63%
Dino Dino Jungle
61%
N64Moo Moo Farm
61%
Daisy Cruiser
60%
Sherbet Land
60%
Wario Colosseum
59%
N64Frappe Snowland
58%
GCNMushroom Bridge
58%
GBABoo Lake
56%
Mushroom City
55%
Broken Pier
53%
3DSWuhu Loop
50%
Maka Wuhu
48%
GBAShy Guy Beach
47%
Cheep Cheep Island
46%

Score Distribution

Percentile by Number Answered

Percent of People with Each Score

Your Score History

You have not taken this quiz since the last reset